00000000nam 2200000zi 4500
0019.951533
003CaOODSP
00520250818081307
006m     o  d f      
007cr cn|||||||||
008250529t20252025bccbdo  ob   f000 0 eng d
020 |a9780660774954
040 |aCaOODSP|beng|erda|cCaOODSP
0410 |aeng|beng|bfre
043 |an-cn-bc
0861 |aFs97-13/1441E-PDF
1001 |aFleming, Justin, |eauthor.
24510|aAcoustic and satellite tagging of sockeye salmon, Oncorhynchus nerka, off the west coast of Haida Gwaii, September 30 - August 11, 2024 / |cby Justin Fleming, Jackie R. King, Strahan Tucker, and Cameron Freshwater.
264 1|aNanaimo, British Columbia : |bFisheries and Oceans Canada, Science Branch, Pacific Region, Pacific Biological Station, |c2025.
264 4|c©2025
300 |a1 online resource (vi, 16 pages) : |bmaps, graphs, photographs.
336 |atext|btxt|2rdacontent
337 |acomputer|bc|2rdamedia
338 |aonline resource|bcr|2rdacarrier
4901 |aCanadian data report of fisheries and aquatic sciences, |x1488-5395 ; |v1441
504 |aIncludes bibliographical references (pages 4-5).
5203 |a"The goal of this study is to use complimentary tagging technologies to study Sockeye Salmon marine survival to evaluate whether predation, particularly by pinnipeds, may constrain Fraser River Sockeye Salmon productivity"--Abstract, page v.
546 |aIncludes abstracts in English and French.
650 0|aSockeye salmon|xMarking|zBritish Columbia|zHaida Gwaii.
650 0|aFish tagging|zBritish Columbia|zHaida Gwaii.
650 6|aSaumon rouge|xMarquage|zColombie-Britannique|zHaida Gwaii.
650 6|aPoissons|xMarquage|zColombie-Britannique|zHaida Gwaii.
7101 |aCanada. |bDepartment of Fisheries and Oceans. |bPacific Region. |bScience Branch, |eissuing body.
7101 |aCanada. |bDepartment of Fisheries and Oceans. |bPacific Biological Station, |eissuing body.
830#0|aCanadian data report of fisheries and aquatic sciences,|x1488-5395 ; |v1441.|w(CaOODSP)9.505124
85640|qPDF|s1.66 MB|uhttps://publications.gc.ca/collections/collection_2025/mpo-dfo/Fs97-13-1441-eng.pdf